01003nam a22002537a 45000010005000000030006000050050017000110080041000280200017000690400029000860500011001150820010001261000022001362450076001582600039002343000044002735050008003175200257003255210020005825210020006026500048006226500040006707000039007105281FISKH20241122141144.0241122b cb ||||| |||| 00| 0 eng d a090129003990 aFISKHbengcFISKHdFISKH aPQ2228 a843.7 aDumas, Alexandre  aThe Three Musketeers /cby Alexandre Dumas : Adapted by Deborah Felder  aNew York :bRandom House ;c1994 . a107 pages : billustrations ;c20 cm .  aZ  aThe Three Musketeers follows the young d'Artagnan in his quest to become a musketeer. He befriends the three musketeers Athos, Porthos and Aramis, whose motto is "all for one, one for all." The novel is the first in Dumas' d'Artagnan Romances trilogy.8 a990 bLexile 8 aZ bRaz-Plus  aFrance-History-Louis XIIIvJuvenile fiction aAdventures and adventures vFiction aAllen, Philip Schuyleretranslator